000 00504nam a2200181 a 4500
001 000034818
005 20200930073925.0
008 111020s1980 ck r 000 0 spa d
020 _a8482770381
040 _aDO-SdBNP
_bspa
_cBNPHU
082 _axxx
_bR175a
100 1 _aRomán, Celso,
_d1947-
_960337
245 1 4 _aLos amigos del hombre /
_cCelso Romám.
250 _a2a ed.
260 _aBogotá :
_bCarlos Valencia editores,
_c1980.
300 _a106 p. ;
_c21 cm.
590 _aInventariado, 2019/BT
999 _c34309
_d34309